00350nam a22001457a 4500003000400000020001800004082001600022100001900038245003400057250000800091260006500099300000800164650001600172700001600188OSt a9789380578712 a519bHAN/FU aP Hanmanth Rao aFundamentals of Biostatistics a1st aNew DelhibI.K..International Publishing House Pvt Ltdc2011 a281 aProbability aK Janardhan